| 000 -LEADER |
| fixed length control field |
00584nam a22001577a 4500 |
| 005 - DATE AND TIME OF LATEST TRANSACTION |
| control field |
20231025104623.0 |
| 008 - FIXED-LENGTH DATA ELEMENTS--GENERAL INFORMATION |
| fixed length control field |
231025s1975 ru ||||| |||| 00| 0 rus d |
| 041 ## - LANGUAGE CODE |
| Language code of text/sound track or separate title |
rus |
| 080 ## - UNIVERSAL DECIMAL CLASSIFICATION NUMBER |
| Universal Decimal Classification number |
930.85 Ш -87 |
| 100 ## - MAIN ENTRY--PERSONAL NAME |
| Personal name |
Штаерман, Е. М. |
| 9 (RLIN) |
20240 |
| 245 ## - TITLE STATEMENT |
| Title |
Кризис античной культуры / |
| Statement of responsibility, etc. |
Е. М. Штаерман ; Академия наук СССР. |
| 264 ## - PRODUCTION, PUBLICATION, DISTRIBUTION, MANUFACTURE, AND COPYRIGHT NOTICE |
| Place of production, publication, distribution, manufacture |
Москва : |
| Name of producer, publisher, distributor, manufacturer |
Наука, |
| Date of production, publication, distribution, manufacture, or copyright notice |
1975. |
| 300 ## - PHYSICAL DESCRIPTION |
| Extent |
181 стр. |
| Other physical details |
20 см. |
| 653 ## - INDEX TERM--UNCONTROLLED |
| keyword |
უძველესი კულტურის კრიზისი |
| 942 ## - ADDED ENTRY ELEMENTS (KOHA) |
| Source of classification or shelving scheme |
|
| Koha item type |
წიგნი |